TOP 50 Defenders Since 2000 - Statistics

General Stats
  • This quiz has been taken 99 times
  • The average score is 39 of 100
Answer Stats
Hint Answer % Correct
2 Paulo Maldini
96%
1 Sergio Ramos
96%
17 Virgil van Dijk
92%
37 Gerard Pique
91%
6 Alessandro Nesta
85%
10 Carles Puyol
84%
4 Dani Alves
83%
3 Marcelo
80%
29 Pepe
80%
18 Fabio Cannavaro
77%
5 Roberto Carlos
76%
8 Cafu
75%
12 John Terry
75%
14 Phlipp Lahm
73%
7 Giorgio Chiellini
69%
48 Jerome Boateng
69%
16 Raphael Varane
69%
19 Rio Ferdinand
69%
15 Mats Hummels
68%
11 Nemanja Vidic
68%
9 Thiago Silva
67%
26 Dani Carvajal
65%
25 Leonardo Bonucci
65%
40 Ashley Cole
64%
24 Jordi Alba
63%
78 John Stones
61%
55 Andrew Robertson
59%
27 Antonio Rudiger
57%
30 David Alaba
57%
31 Ruben Dias
56%
32 Kylie Walker
53%
34 Marquinhos
52%
21 Diego Godin
51%
13 Vincent Kompany
51%
38 Japp Stam
49%
51 Javier Mascherano
49%
49 David Luiz
45%
20 Lucio
45%
28 Javier Zanetti
44%
41 Trent Alex-Arnold
44%
62 Mathijs de Ligt
41%
72 Gary Neville
39%
36 Patrice Evra
39%
33 Andrea Barzagli
37%
22 Lilian Thuram
37%
79 Sol Campbell
37%
95 Eric Abidal
36%
23 Joshua Kimmich
35%
63 Ricardo Carvalho
35%
71 Achraf Hakimi
33%
97 Branislav Ivanovic
33%
57 Jamie Carragher
33%
90 Lucas Hernandez
33%
35 Fernando Hierro
32%
42 Gianluca Zambrotta
32%
43 Maicon
32%
100 Alvaro Arbeloa
31%
85 Felipe Luis
29%
45 Jan Vertonghen
28%
65 Marco Materazzi
28%
98 Alex
27%
89 Maxwell
27%
47 Walter Samuel
27%
44 Cezar Azpilicueta
25%
81 Juan
25%
52 Kalidou Koulibaly
25%
77 Toby Alderweireld
25%
58 Alex Sandro
24%
76 Dante
24%
53 Rafael Marquez
24%
39 Joao Cancelo
23%
61 Josko Gvardiol
21%
93 Juanfran
21%
50 Tony Adams
20%
82 Benjamin Pavard
19%
83 Juan Miranda
19%
67 Raul Albiol
19%
59 Marcel Salgado
17%
87 Christian Chivu
16%
88 Joan Capdevila
15%
66 Fabio Grosso
13%
73 Martin Demichelis
13%
74 William Gallas
13%
94 Willy Sagnol
13%
64 Giovanni Van Bronckhorst
12%
56 Jesus Navas
12%
91 Daniel van Buyten
11%
54 Roberto Ayala
11%
46 Juan Cuadrado
8%
84 Mikael Silvestre
8%
99 Johnny Heitinga
7%
75 Ivan Helguera
5%
69 Sami Hyypia
4%
60 Christian Panucci
3%
92 Leighton Baines
3%
86 Raphael Guerreiro
3%
80 Grimaldo
1%
96 Jeremie Frimpong
1%
68 Sinisa Mihajovic
0%
70 Theo Henandez
0%
No matching quizzes found
Score Distribution
Percent of People with Each Score
Percentile by Number Answered
Your Score History
You have not taken this quiz